Caricamento...

മാപ്പിളപ്പാട്ട് ചരിത്രവും വ൪ത്തമാനവും

Dettagli Bibliografici
Autori principali: വി എം കുട്ടി, V M Kutty
Natura: Printed Book
Pubblicazione: Trivandrum; Kerala Bhasha Institiute; 2007
Edizione:1st
Soggetti:
LEADER 00744nam a22001817a 4500
082 |a 894.M107  |b KUT/M P7 
100 |a വി എം കുട്ടി  |9 154810 
100 |a V M Kutty  |9 154811 
240 |a Mappilappattu  
245 |a മാപ്പിളപ്പാട്ട്   |b ചരിത്രവും വ൪ത്തമാനവും 
250 |a 1st 
260 |a Trivandrum;  |b Kerala Bhasha Institiute;  |c 2007 
300 |a 171p. 
650 |a മലയാളം; കവിതകള്‍  |9 154812 
650 |a Malayalam; Poems  |9 154813 
942 |c BK 
999 |c 51153  |d 51153 
952 |0 0  |1 0  |4 0  |6 894_000000000000000_M107_KUT_M_P7  |7 0  |8 POE  |9 60431  |a MAL  |b MAL  |d 2016-04-05  |e 49932  |g 55.00  |l 0  |o 894.M107 KUT/M P7  |p MAL049932  |r 2016-04-05  |t 1  |w 2016-04-05  |y BK